Datum a čas kvízu
29
Celkem bodů
Celkový počet nahraných bodů na tomto kvízu bez doplňovacích otázek.
3.
Pořadí na kvízu
Konečné umístění týmu na tomto kvízu.
Zaznamenané odpovědi
| # | Otázka | Odpověď | Body | Výsledky |
|---|---|---|---|---|
| 1. | Minulý týden ve čtvrtek dorazi... | FBI | 1 | |
| 2. | Jistý stát zažil minulý týden... | Čína | 0 | |
| 3. | Letošní vyhlášení tuzemských k... | Muriel | 0 | |
| 4. | Španělská policie zatkla na ji... | s viagrou (lékem na potenci) | 1 | |
| 5. | Jeden teprve osmnáctiletý česk... | Jakub Menšík, Katar | 0 | |
| 6. | Součástí televizního programu... | Hodina pravdy | 1 | |
| 7. | Milovníkům AZ-kvízu či zábavný... | pěstební dělnice | 0 | |
| 8. | Mezi lety 1996 až 2006 vysílal... | Videostop | 0 | |
| 9. | V dnešní době je velmi populár... | čtyřikrát | 1 | |
| 10. | Kdo z uvedených nikdy nemodero... | D | 1 |